| 000 | 00592nam a2200121Ia 4500 | ||
|---|---|---|---|
| 008 | 171212s9999 xx 000 0 und d | ||
| 020 | _a9781925022193 | ||
| 245 |
_ceditor Harris, Amanda _aCirculating Cultures |
||
| 260 |
_bANU E Press _c2014 |
||
| 650 | _aAnthropology | ||
| 650 | _aSocial change -- Australia -- Cross-cultural studies; Culture diffusion -- Australia; Intercultural communication in art; Music in intercultural communication; Aboriginal Australians -- Music -- 21st century -- Cross-cultural studies; Art, Aboriginal Aust | ||
| 856 | _uhttp://www.jstor.org/stable/j.ctt13wwv9j | ||
| 999 |
_c351040 _d351040 |
||